000 00315nam a22001217a 4500
020 _a07-094283-8
082 _a621.381 MOR
100 _aMORRIS,N.M
_910761
245 _aSOLVED PROBLEMS IN INDUSTRIAL ELECTRONICS A SELF-TUTOR FOR STUDENTS
260 _aNEW YORK
_bMCGRAW HILL
_c1972
300 _a193P
942 _cBK
999 _c583665
_d583665